| 000 | 00480nam a22001817a 4500 | ||
|---|---|---|---|
| 003 | CEME | ||
| 005 | 20210628202447.0 | ||
| 008 | 210122b xxu||||| |||| 00| 0 eng d | ||
| 020 | _a0-7637-2877-2 | ||
| 040 | _c. | ||
| 082 | _a515 BLU | ||
| 100 |
_aBlume, Frank _959997 |
||
| 245 | _aApplied calculus for scientists and engineers a journey in dialogues | ||
| 260 |
_aLONDON _bJONES AND BARTLETT _c2005 |
||
| 300 | _aVII,869 P | ||
| 650 |
_aCALCULUS _917808 |
||
| 942 |
_cBK _2ddc |
||
| 999 |
_c569843 _d569843 |
||